Quizzes
Events
Quiz Creation
Community
Videos
Private Events
Remove Ads
Sign In
Join for FREE
Feedback
Dark Mode
Quiz Categories
Sports
Geography
Music
Movies
Television
Just For Fun
Miscellaneous
History
Literature
Language
Science
Gaming
Entertainment
Religion
Holiday
For Kids
Quiz Lab
Recent
Popular Today
Quiz Kudos Today
Editor Picks
Curator Picks
Quizzes by...
Day
Popularity
Type
Ratings
Length
Year
Community
Subscriptions
Recent Discussions
Orange Saloon
Badges
Playlists
Quests
Create
Leaderboards
Showdown
Live 5
Trivia Bingo
Activity
Puzzle Library
Sporcle Events
Private Events
Virtual Trivia
Globe League
Become a Host
Pub Owners
SporcleCon
Opinionation
Our Games
Videos
Blog
Mobile Apps
Partnerships
Remove Ads and Go Orange
Feedback
Literature
Harry Potter
A Song of Ice and Fire
The Hunger Games
Literary Character
Shakespeare
Book
Author
Novel
Poem
Young Adult
Children's Books
Play
Lord of the Rings
Literature
Harry Potter
A Song of Ice and Fire
The Hunger Games
Literary Character
Shakespeare
Book
Author
Novel
Poem
Young Adult
Children's Books
Play
Lord of the Rings
Random Quiz
Search Sporcle
×
Quiz Lab
Quiz Lab
Literature
Battle Royale
Type in answers that appear in a list
Type in answers that appear in a list
Classic
Best Score? Go Orange.
Battle Royale Manga Chapters Stats
Can you name the chapters from the Battle Royale manga, volumes 1-15?
By
dystoboy
18m
122 Questions
42 Plays
42 Plays
42 Plays
Comments
Comments
Give Quiz Kudos
Give Quiz Kudos
-
- Ratings
hide this ad
More Info
Replay
Link that replays current quiz
Next Quiz
Link to next quiz in quiz playlist
You Got
0%
They Got
Avg Score
20%
Avg Friend Score
Upgrade to see
Score Distribution
Jump to the score distribution portion of the page
Score
0/122
Timer
18:00
0
Plays Today
Chapter #
Title
% Correct
3
Shinji Mimura
81%
8
Mitsuko Souma
76.2%
9
Kazuo Kiriyama Part 1
73.8%
10
Kazuo Kiriyama Part 2
73.8%
1
The Worst Game in History
59.5%
6
Yoshio Akamatsu
57.1%
13
Shogo Kawada
57.1%
24
Takako Chigusa
52.4%
65
Toshinori Oda
52.4%
4
The Oath
47.6%
11
Treasure
47.6%
35
Trap
47.6%
2
Best Friend
45.2%
5
Other Side of the Door
45.2%
7
Trust
45.2%
64
The Well
45.2%
72
Yuko Sakaki
45.2%
12
Those Who Come Forth
42.9%
16
The Right Thing To So
38.1%
67
From Afar
38.1%
120
Hope
38.1%
19
Problem Child
31%
71
Collapse
31%
105
The Final Battle
31%
14
Nightmare
28.6%
26
Bond
28.6%
33
Rouse
28.6%
61
Sorceress and the Bullet
28.6%
60
Allure
26.2%
39
Anxiety
23.8%
53
Explosion
23.8%
62
Split Personalities
23.8%
70
Crevice
23.8%
75
Funeral
23.8%
97
Natural Born Killers
23.8%
31
Everybody's Thoughts
21.4%
59
Soap Opera
21.4%
66
Surviving
21.4%
69
Doubt
21.4%
99
Where the Gun Points
21.4%
18
Odds
19%
Chapter #
Title
% Correct
37
Existence
19%
48
Bug
19%
52
Versus
19%
91
Copy
19%
15
Conditions
16.7%
22
Battle Plan
16.7%
25
Honor
16.7%
34
Last Man Standing
16.7%
49
Firing
16.7%
55
Trajectory
16.7%
76
Rain
16.7%
83
The Devil's Tactics
16.7%
106
Death Race
16.7%
17
Past
14.3%
20
Acceptance
14.3%
27
Respect and Affection
14.3%
38
Set Up
14.3%
41
Flower of Courage
14.3%
43
Raid
14.3%
45
Rescue
14.3%
46
Encounter
14.3%
47
Departure
14.3%
56
Sixth Sense
14.3%
58
Liars
14.3%
63
Traumatic Games
14.3%
80
Encounter
14.3%
87
Devil of Nothingness
14.3%
109
Hit
14.3%
110
God's Child
14.3%
115
One's Last Moment
14.3%
21
Forfeiture
11.9%
23
The Ultimate Team
11.9%
42
Parting
11.9%
50
Demolition
11.9%
51
Team
11.9%
54
Bonds
11.9%
74
Reparation
11.9%
77
Bleak Reunion
11.9%
79
Faith
11.9%
88
Despair
11.9%
92
Inversion
11.9%
Chapter #
Title
% Correct
100
The Identity of the Heart
11.9%
103
The Thinking Heart
11.9%
114
Determination
11.9%
Fallen Angel
11.9%
28
Insanity
9.5%
32
Secret Weapon
9.5%
36
Thirst
9.5%
40
Sworn Friend
9.5%
44
Hard Change
9.5%
73
Wish
9.5%
78
Message
9.5%
98
Magic Tool
9.5%
102
Going Home
9.5%
108
Magician
9.5%
113
Destiny
9.5%
116
Deception
9.5%
118
Counterattack
9.5%
Energy
9.5%
29
The Right Answer
7.1%
30
Persuasion
7.1%
57
Unfortunate
7.1%
68
Confession
7.1%
85
Proposal
7.1%
89
Awakening
7.1%
90
Transcendental
7.1%
93
Promise
7.1%
94
Incubation
7.1%
95
Reason
7.1%
96
Closed Off Future
7.1%
104
The Right Path
7.1%
107
The Pursuit
7.1%
112
Cause and Effect
7.1%
117
Inference
7.1%
81
The Tidings of Happiness
4.8%
82
Limits
4.8%
84
Truth and Untruth
4.8%
86
Violent Fist
4.8%
101
Rejection
4.8%
111
Wishes
4.8%
Man of Justice
4.8%
Quiz Playlist
Details
Report
Send in Message
Add To Playlist
More Info:
These are the US/UK chapter names!
Classic:
Type in answers that appear in a list
Last Updated: Feb 16, 2017
Quiz Scoreboard
CHALLENGE
Sign Up to Join the Scoreboard
Show All
Scores
Hide
Comments
May contain spoilers
Recently Published
An Introduction to Baseball
by treessimontrees
Sports
5m
Movies - When Are They Set?
by FPL_Elf
Movies
5m
Popular People in 1961
by mucciniale
History
6m
More to Explore
Quiz From the Vault
Featured Blog Post
Where Did the Easter Bunny Come From?
hide this ad
You Might Also Like...
Tags
Battle Royale
Today's Top Quizzes in Literature
Browse Literature
hide this ad
Today's Top Quizzes in Battle Royale
Browse Battle Royale
Top Contributed Quizzes in Literature
1
Sneaky Slytherin Logic Puzzle
2
One Thing in Common: Literature
3
Get The Picture: Black or White Literature
4
One Thing in Common: Literature 3
5
Harry Potter Neighbourly Logic Puzzle #3
6
One Thing in Common: Literature II
7
One Thing in Common: Books
8
Harry Potter Neighbourly Logic Puzzle #5
9
Weasley Family Reunion: Logic Puzzle
10
7 to 1: Literature by Subcategory
Explore More
Trending Topics
Anime
Crossword
Kpop
Harry Potter
Marvel
Disney
NBA
NFL
Pokémon
Country
The Office
Puzzle
Soccer
Song
WWE
hide this ad
More By:
dystoboy
Quiz
Plays
Rating
Category
Featured
Created
Walking Dead Characters by Death
4,524
4.42
Television
Feb 14, 2013
Blame Canada!
585
3.75
Movies
May 17, 2012
Marvel Avengers Members (Movies)
513
4.00
Movies
Apr 24, 2015
Harry Potter - What Happened Next?
404
4.22
Literature
Apr 30, 2014
Harry Potter Top 200 Muggles
298
3.20
Movies
Jan 10, 2015
Go to Creator's Profile
Score Distribution
Quiz Creator Spotlight
dystoboy
Follow
Send a Message
Quizzes Created
-
Created Quiz Play Count
-
More By This Creator
Popular Quizzes Today
1
Find the Countries of Europe - No Outlines Minefield
2
Find the US States - No Outlines Minefield
3
The Countries of the World
4
Popular People in 1961
5
Find the US States
6
US States
7
1-10 Letter E Words III
8
Risky Map Clicking: Biggest States A-Z
More Literature Quizzes
Harry Potter Patronus Party
Published
Trending Quizzes
Risky Map Clicking: Least Populous States A-Z
1-10 Letter F Words
1-10 Letter G Words
Not Quite an Element Typing Challenge
One Thing in Common: United Kingdom
Recently Updated
Leaping Animals
pecheneg
Reality TV Shows (A-Z)
bhenderson79
Rickey Henderson's Hall of Fame Teammates
pecheneg
Champions League XIs: Arsenal
pecheneg
Quick Pick: Celebrities in WWE's Hall of Fame
aduchscher
A-Z Keypad Blitz II
pecheneg
Multiple Oscar Actors
pecheneg
Mystery Phrase Blitz: Oscar 'Best Actors'
pecheneg
F. Scott Fitzgerald Novels
LTH
Pick 3 Villains
ddd62291
Trending Topics
Anime
Crossword
Kpop
Marvel
Disney
NBA
Harry Potter
Country
NFL
WWE
Song
The Office
Soccer
Puzzle
Pokémon
Your Account Isn't Verified!
In order to create a playlist on Sporcle, you need to verify the email address you used during registration. Go to your
Sporcle Settings
to finish the process.
Report this User
Report this user for behavior that violates our
Community Guidelines
.
Details:
Send Report
Go to the Sporcle.com Mobile Site →
Comments